Beyond The Idea (Record no. 334637)
[ view plain ]
| 000 -LEADER | |
|---|---|
| fixed length control field | 00508nam a2200193Ia 4500 |
| 005 - DATE AND TIME OF LATEST TRANSACTION | |
| control field | 20240908112157.0 |
| 008 - FIXED-LENGTH DATA ELEMENTS--GENERAL INFORMATION | |
| fixed length control field | 230718s9999 xx 000 0 und d |
| 020 ## - INTERNATIONAL STANDARD BOOK NUMBER | |
| International Standard Book Number | 9781447252276 |
| 041 ## - LANGUAGE CODE | |
| Language code of text/sound track or separate title | eng |
| 082 ## - DEWEY DECIMAL CLASSIFICATION NUMBER | |
| Classification number | 306.34 |
| Item number | GOV |
| 100 ## - MAIN ENTRY--PERSONAL NAME | |
| Author | Govindarajan V. |
| 245 ## - TITLE STATEMENT | |
| Title | Beyond The Idea |
| 260 ## - PUBLICATION, DISTRIBUTION, ETC. | |
| Date of publication, distribution, etc. | 2013 |
| Name of publisher, distributor, etc. | Macmillan |
| 300 ## - PHYSICAL DESCRIPTION | |
| Extent | 178 |
| 365 ## - TRADE PRICE | |
| Currency code | Rs. |
| Price amount | 599.00 |
| 700 ## - ADDED ENTRY--PERSONAL NAME | |
| Personal name | Govindarajan V. & Trimble C. |
| 942 ## - ADDED ENTRY ELEMENTS (KOHA) | |
| Koha item type | Books |
| 906 ## - LOCAL DATA ELEMENT F, LDF (RLIN) | |
| d | O:0364511-Jan-2014B:442225-Oct-2013 |
| c | GENRL |
| b | 131.78 |
| Withdrawn status | Lost status | Source of classification or shelving scheme | Damaged status | Not for loan | Home library | Current library | Date acquired | Vendor | Budget Code | Net Price | Bill number | Full call number | Barcode | Date last seen | Discount | Actual Price | Bill Date | Koha item type | Original Barcode |
|---|---|---|---|---|---|---|---|---|---|---|---|---|---|---|---|---|---|---|---|
| Dewey Decimal Classification | Cummins College of Engineering for Women Pune | Cummins College of Engineering for Women Pune | 11/01/2014 | Technical Book Services | GENRL | 467.22 | 4422 | 306.34 | CCEP-BK-45844 | 08/09/2024 | 131.78 | 599.00 | 25/10/2013 | Books | 045844 |